Minecraft Effects Quiz - Statistics

General Stats
  • This quiz has been taken 870 times
  • The average score is 17 of 34
Answer Stats
Answer % Correct
Poison
88%
Speed
85%
Slowness
79%
Regeneration
74%
Strength
73%
Fire Resistance
68%
Jump Boost
68%
Wither
63%
Water Breathing
62%
Blindness
60%
Night Vision
60%
Weakness
60%
Haste
59%
Resistance
52%
Invisibility
50%
Mining Fatigue
50%
Hunger
49%
Levitation
49%
Nausea
48%
Slow Falling
46%
Luck
44%
Bad Omen
43%
Absorption
38%
Hero of the Village
38%
Dolphin's Grace
35%
Instant Damage
35%
Darkness
33%
Instant Health
33%
Saturation
33%
Glowing
30%
Conduit Power
19%
Health Boost
17%
Bad Luck
16%
Fatal Poison
8%
No matching quizzes found
Score Distribution
Percent of People with Each Score
Percentile by Number Answered
Your Score History
You have not taken this quiz